000 00239nam a2200097Ia 4500
001 688086
005 20250826161608.0
008 250824s9999 xx 000 0 und d
245 0 _aOLIVER TWIST
_cCHARLES DİCKENS
260 _bTİMAŞ YAYINLARI
999 _c688086
_d688086